Länder, die an die DACH Staaten grenzen - Statistiken

Allgemein
  • Dieses Quiz wurde 138 mal gespielt
  • Das Durchschnittsergebnis liegt bei 12 aus 12
Antwortstatistiken
Länder % Korrekt
Frankreich
100%
Italien
100%
Slowenien
99%
Tschechien
99%
Belgien
98%
Dänemark
98%
Liechtenstein
98%
Luxemburg
98%
Polen
98%
Slowakei
98%
Niederlande
97%
Ungarn
95%
Keine übereinstimmenden Quizze gefunden
Verteilung der Resultate
Anzahl Personen mit jedem Resultat
Perzentil nach korrekt beantworteten Fragen
Ihre Resultats-Entwicklung
Sie haben dieses Quiz noch nicht gespielt